000 01706nam0a2200409 4500
001 RU\NLR\bibl\136849
005 20260406084936.0
010 _d5 р. 52 к.
_9100
020 _aRU
_b98-29062
_9Книжная летопись
021 _aRU
_b98-22270
_91049
035 _a(NLR Aleph) 000134047
090 _a766094
_c766094
100 _a20000410d1997 |||y0rusy50 ca
101 0 _arus
102 _aRU
105 _aa |||||||||
200 1 _aИнформатика
_eУчеб. пособие
_e[Для студентов 1 и 2 курса спец. "Финансы и кредит"]
_fИ. П. Акимова
_gМоск. гос. ун-т путей сообщ. Каф. "Финансы и кредит"
210 _aМ.
_cМИИТ
_d1997
215 _a66,[2] с.
_d21
313 _aспецифики нет
320 _aБиблиогр. в конце кн. (4 назв.)
606 0 _aИнформатика
_jРуководства, пособия и т.п. для высшей школы
_92081274
_3RU\NLR\auth\661257251
606 0 _aИнформатика
_jУчебные издания для высшей школы
_92081274
_3RU\NLR\auth\661257251
610 0 _aИнформатика
675 _a681.3:004(075.8)
_v3
_zrus
686 _a50
_2rugasnti
686 _a32.97
_2rubbk
686 _aЗ973.233я73-1
700 1 _4070
_aАкимова
_bИ. П.
_cканд. экон. наук, транспорт
_f1959-
_gИрина Петровна
_3RU\NLR\AUTH\770279580
_92651547
801 0 _aRU
_bRKP
_c20000410
_gPSBO
801 1 _aRU
_bRKP
_c20000410
801 2 _aRU
_bNLR
_c20010312
_grcr
852 _aNLR
_j2000-4/9255
942 _cBOOK
980 _aNB